[Event "Torneo Reyes Ciudad de Manises 2014"]
[Site "Manises ESP"]
[Date "2014.01.04"]
[Round "7.10"]
[White "Costa Grau, Adrian"]
[Black "Harutyunyan, Tigran"]
[Result "1-0"]
[WhiteElo "1569"]
[BlackElo "1915"]
[PlyCount "91"]
[EventDate "2014.01.02"]
[EventRounds "7"]
[EventCountry "ESP"]
[Source "lmi"]
[SourceDate "2014.01.02"]

1. e4 c5 2. Nf3 Nf6 3. Nc3 d5 4. exd5 Nxd5 5. Bb5+ Bd7 6. Bxd7+ Qxd7 7. O-O Nc6
8. Ne4 e5 9. d3 f5 10. Ng3 Bd6 11. Re1 O-O-O 12. Nd2 h5 13. Qf3 Nf4 14. Nc4 Nd4
15. Qd1 h4 16. Bxf4 exf4 17. Nxd6+ Qxd6 18. Ne2 h3 19. Nxd4 Qxd4 20. Qf3 hxg2
21. Re7 Qd5 22. Qxd5 Rxd5 23. Rxg7 f3 24. Rg3 f4 25. Rxf3 Rdh5 26. h3 Rg5 27.
Re1 Kd7 28. Re4 Kd6 29. Rexf4 Re8 30. Re3 Reg8 31. Rff3 Rd5 32. Rg3 Rh8 33.
Kxg2 b5 34. Rg4 a5 35. Kg3 a4 36. h4 a3 37. b3 Rd4 38. Ree4 Rd5 39. Rg5 Rd4 40.
Rxd4+ cxd4 41. Rxb5 Rg8+ 42. Kf3 Rf8+ 43. Ke2 Re8+ 44. Kf1 Rh8 45. h5 Rc8 46.
h6 1-0

[Event "Torneo Reyes Ciudad de Manises 2014"]
[Site "Manises ESP"]
[Date "2014.01.04"]
[Round "7.11"]
[White "Galvan Cipriani, Viviana"]
[Black "Perez Garcia, Jose Miguel"]
[Result "0-1"]
[WhiteElo "1456"]
[BlackElo "1914"]
[PlyCount "80"]
[EventDate "2014.01.02"]
[EventRounds "7"]
[EventCountry "ESP"]
[Source "lmi"]
[SourceDate "2014.01.02"]

1. c4 Nf6 2. Nc3 g6 3. e4 d6 4. Nge2 c5 5. g3 Nc6 6. Bg2 Bg7 7. O-O O-O 8. d3
Bd7 9. h3 a6 10. Be3 Ne8 11. Qd2 b5 12. Rac1 bxc4 13. dxc4 Ne5 14. f4 Nxc4 15.
Qd3 Nxb2 16. Qc2 Nc4 17. Bf2 Na3 18. Qb3 Nb5 19. Rfd1 Rb8 20. Qc2 Nec7 21. Qd2
Bc6 22. Qc2 Nxc3 23. Nxc3 Nb5 24. Nxb5 Rxb5 25. Rb1 Qa5 26. Be1 Qb6 27. Kh2 Rb8
28. Rxb5 Qxb5 29. Bc3 Bxc3 30. Qxc3 Qb2 31. Qd2 Qxd2 32. Rxd2 a5 33. Re2 a4 34.
Rd2 a3 35. h4 Rb2 36. Rd3 Rxg2+ 37. Kxg2 Bxe4+ 38. Kf2 Bxd3 39. Ke3 Bb1 40. Kd2
Bxa2 0-1

[Event "Torneo Reyes Ciudad de Manises 2014"]
[Site "Manises ESP"]
[Date "2014.01.04"]
[Round "7.12"]
[White "Lopez Palomar, Jose"]
[Black "Esteban Hernandez, Eusebio"]
[Result "1-0"]
[WhiteElo "1635"]
[BlackElo "1847"]
[PlyCount "149"]
[EventDate "2014.01.02"]
[EventRounds "7"]
[EventCountry "ESP"]
[Source "lmi"]
[SourceDate "2014.01.02"]

1. d4 d6 2. c4 Nf6 3. Nc3 c6 4. e4 Qc7 5. Nf3 Nbd7 6. h3 e5 7. d5 g6 8. Be2 Bg7
9. O-O O-O 10. Qc2 a6 11. b4 c5 12. a3 Ne8 13. b5 f5 14. Nh2 Ndf6 15. f3 f4 16.
Kf2 Nh5 17. Rg1 Qd8 18. Bd3 Qh4+ 19. Ke2 Ng3+ 20. Kd1 Nf6 21. Nf1 Nfh5 22. Nxg3
fxg3 23. Ne2 axb5 24. cxb5 g5 25. Kd2 Bd7 26. a4 Bh6 27. Kc3 Bg7 28. Bd2 Bf6
29. Qc1 Bd8 30. Kb3 h6 31. Qe1 Bb6 32. Bc4 Nf4 33. Nxf4 gxf4 34. a5 Bc7 35. b6
Bb8 36. a6 bxa6 37. Bxa6 Qd8 38. b7 Qb6+ 39. Kc4 Rxa6 40. Qb1 Qxb1 41. Rgxb1
Rxa1 42. Rxa1 Kf7 43. Ba5 Ke7 44. Bb6 Bxh3 45. gxh3 Kd7 46. Ra8 g2 47. Ra1 Rg8
48. Rg1 Rg3 49. h4 Ke7 50. Kb5 Kf7 51. h5 Rxf3 52. Rxg2 Rb3+ 53. Kc6 c4 54. Bc7
Ba7 55. Ra2 c3 56. Rxa7 c2 57. Ra1 Rb1 58. Rxb1 cxb1=Q 59. b8=Q Qxe4 60. Bxd6
Qa4+ 61. Qb5 Qxb5+ 62. Kxb5 f3 63. Bc5 Kf6 64. Kc4 Kf5 65. d6 Ke6 66. d7 Kxd7
67. Kd5 e4 68. Kxe4 Ke6 69. Kxf3 Kf6 70. Kg4 Kg7 71. Kf5 Kh7 72. Bd4 Kg8 73.
Kg6 Kf8 74. Bc3 Kg8 75. Kxh6 1-0

[Event "Torneo Reyes Ciudad de Manises 2014"]
[Site "Manises ESP"]
[Date "2014.01.04"]
[Round "7.13"]
[White "Cruz Fiallos, Hamilton Tarley"]
[Black "Gil Lopez, Alejandro"]
[Result "0-1"]
[WhiteElo "1844"]
[BlackElo "1285"]
[PlyCount "50"]
[EventDate "2014.01.02"]
[EventRounds "7"]
[EventCountry "ESP"]
[Source "lmi"]
[SourceDate "2014.01.02"]

1. e4 c5 2. Nf3 g6 3. d4 cxd4 4. Qxd4 Nf6 5. e5 Nc6 6. exf6 Nxd4 7. Nxd4 exf6
8. Bf4 Bc5 9. Nb3 Qb6 10. Bg3 Bb4+ 11. c3 Bd6 12. N1d2 Bxg3 13. hxg3 O-O 14.
O-O-O Qxf2 15. Kb1 Qxg3 16. Ne4 Qf4 17. Nd6 Qg4 18. Rd4 Qg3 19. Nc5 b6 20. Nce4
Qe5 21. Bc4 Rb8 22. Rd5 Qe7 23. Rf1 f5 24. Nxf5 Qxe4+ 25. Bd3 Qxd5 0-1

[Event "Torneo Reyes Ciudad de Manises 2014"]
[Site "Manises ESP"]
[Date "2014.01.04"]
[Round "7.14"]
[White "Aupi Royo, Juan Ignacio"]
[Black "Arce Martinez, Jose Miguel"]
[Result "0-1"]
[WhiteElo "1796"]
[BlackElo "1790"]
[PlyCount "98"]
[EventDate "2014.01.02"]
[EventRounds "7"]
[EventCountry "ESP"]
[Source "lmi"]
[SourceDate "2014.01.02"]

1. d4 g6 2. Nf3 Bg7 3. c4 c5 4. e3 Nc6 5. Nc3 b6 6. Be2 d6 7. O-O Nf6 8. dxc5
bxc5 9. e4 O-O 10. h3 Bb7 11. Bd3 Nd7 12. Be3 Nce5 13. Nxe5 Nxe5 14. Ne2 Ba6
15. Rb1 Bxc4 16. Bxc4 Nxc4 17. Qc1 Nxe3 18. Qxe3 Qa5 19. a3 Rab8 20. Nc3 Rb3
21. Qe1 Bxc3 22. bxc3 Qxc3 23. Rxb3 Qxb3 24. Qa5 Qb6 25. Qxb6 axb6 26. Rb1 Ra8
27. Rxb6 Rxa3 28. Rb7 Kf8 29. f3 Ra8 30. Kf2 Rc8 31. Ke3 Ke8 32. Kd3 Kd8 33.
Kc4 Rc7 34. Rb8+ Kd7 35. g4 Rc8 36. Rb7+ Ke8 37. g5 e6 38. h4 Rd8 39. Ra7 Kf8
40. Rc7 Kg7 41. f4 e5 42. f5 gxf5 43. exf5 d5+ 44. Kxc5 d4 45. Re7 d3 46. f6+
Kf8 47. h5 d2 48. g6 hxg6 49. hxg6 fxg6 0-1

[Event "Torneo Reyes Ciudad de Manises 2014"]
[Site "Manises ESP"]
[Date "2014.01.04"]
[Round "7.15"]
[White "Nieves Pamplona, Juan Miguel"]
[Black "Hernandez Torralba, Sergio"]
[Result "0-1"]
[WhiteElo "1536"]
[BlackElo "1771"]
[PlyCount "58"]
[EventDate "2014.01.02"]
[EventRounds "7"]
[EventCountry "ESP"]
[Source "lmi"]
[SourceDate "2014.01.02"]

1. e4 c5 2. c4 Nc6 3. g3 Nf6 4. Bg2 g6 5. Ne2 Bg7 6. Nbc3 O-O 7. d3 d6 8. f4 e6
9. h3 a6 10. a4 Rb8 11. g4 Nb4 12. Ng3 Bd7 13. O-O b5 14. g5 Ne8 15. f5 Be5 16.
Qf3 exf5 17. exf5 Nc2 18. Ra2 Nd4 19. Qd1 Bxg3 20. axb5 axb5 21. f6 Be6 22. Ne4
Be5 23. Bf4 Bxf4 24. Rxf4 bxc4 25. Ra7 cxd3 26. Qxd3 Rxb2 27. Bf1 Qb6 28. Re7
c4 29. Qg3 Ne2+ 0-1

[Event "Torneo Reyes Ciudad de Manises 2014"]
[Site "Manises ESP"]
[Date "2014.01.04"]
[Round "7.16"]
[White "Vila Tormo, Eduardo"]
[Black "Barrachina Blanco, Francisco"]
[Result "0-1"]
[WhiteElo "1718"]
[BlackElo "1679"]
[PlyCount "84"]
[EventDate "2014.01.02"]
[EventRounds "7"]
[EventCountry "ESP"]
[Source "lmi"]
[SourceDate "2014.01.02"]

1. d4 Nf6 2. Nc3 d5 3. Bf4 e6 4. f3 c5 5. e3 a6 6. a4 Nc6 7. Nh3 Be7 8. Nf2 c4
9. Be2 Bd7 10. O-O O-O 11. e4 Qb6 12. e5 Ne8 13. Be3 f5 14. Qd2 Rb8 15. Rab1
Qd8 16. b3 b5 17. axb5 axb5 18. bxc4 bxc4 19. Nb5 Nxe5 20. Bf4 Nxf3+ 21. gxf3
Rxb5 22. Rxb5 Bxb5 23. Kh1 Kh8 24. Rg1 Bf6 25. Qb4 Qe7 26. Qxb5 Bxd4 27. Rg2
Qa7 28. Nh3 Qa1+ 29. Ng1 Qe1 30. Qd7 Bxg1 31. Rxg1 Qxe2 32. Qe7 Rg8 33. Bg3
Qxf3+ 34. Rg2 Qe4 35. h4 Nf6 36. Kg1 Ng4 37. Qc7 Ne3 38. Re2 Qf3 39. Rf2 Qd1+
40. Kh2 Ng4+ 41. Kg2 Nxf2 42. Kxf2 Qxc2+ 0-1

[Event "Torneo Reyes Ciudad de Manises 2014"]
[Site "Manises ESP"]
[Date "2014.01.04"]
[Round "7.23"]
[White "Soto Soriano, Eugenio"]
[Black "Osuna Franco, Claudio"]
[Result "1-0"]
[WhiteElo "1389"]
[BlackElo "1366"]
[PlyCount "41"]
[EventDate "2014.01.02"]
[EventRounds "7"]
[EventCountry "ESP"]
[Source "lmi"]
[SourceDate "2014.01.02"]

1. e4 c6 2. Nf3 d5 3. e5 g6 4. d4 Bg7 5. Bf4 Nd7 6. Qd2 c5 7. Bb5 c4 8. c3 a6
9. Bxd7+ Bxd7 10. O-O e6 11. Na3 Ne7 12. Bh6 Nf5 13. Bxg7 Nxg7 14. Nc2 O-O 15.
Ne3 Qb6 16. Ng4 Nh5 17. Qh6 f6 18. exf6 Nxf6 19. Nxf6+ Rxf6 20. Ng5 Qd8 21.
Qxh7+ 1-0